000 00616nam a2200205Ia 4500
008 240729s9999 xx 000 0 und d
022 _a2516-0052
245 0 _aMurmurations
260 _aUnited Kingdom
260 _bEverything is Connected Press
650 _a Internal medicine
650 _a Neurology. Diseases of the nervous system
650 _a Neurosciences. Biological psychiatry. Neuropsychiatry
650 _a Psychiatry
650 _a Therapeutics. Psychotherapy
650 _aMedicine
856 _uhttps://doaj.org/toc/e13c931355524976b9c1d36743614392
942 _2ddc
942 _cDOAJEJ
999 _c70945
_d70945
945 _a1
_bMadushi Gamage
_c1
_dMadushi Gamage